| 000 | 00502nam a2200169 4500 | ||
|---|---|---|---|
| 001 | 122424 | ||
| 003 | ES-MaACL | ||
| 005 | 20250907063104.0 | ||
| 007 | t| | ||
| 008 | 070214q1917 sp r ||||1| spa d | ||
| 100 | 1 |
_aPuche, Eliodoro, _d1885-1964 _994116 |
|
| 245 | 1 | 0 |
_aLibro de los elogios galantes y de los crepúsculos de otoño / _cEliodoro Puche. |
| 260 |
_aMadrid : _bJosé Yagües, _c[1917?] |
||
| 300 |
_a111 p. ; _c20 cm. |
||
| 852 |
_aES-MaACL _jF-5567 |
||
| 999 |
_c122424 _d122424 |
||